• 首页
  • 本馆介绍
  • 公告通知
  • 最新文献
  • 馆藏检索
  • 电子资源
  • 读者导购
  • 参考咨询
  • 我的图书馆
  • 登录
  • 详细信息显示
  • 放入我的书架
  • 预约/预借图书
  • 作者相关作品
  • 分类相关作品
  • 丛书相关作品
  • 出版社相关作品

书目信息

  • 表格格式
  • 工作单格式
  • 卡片格式
题名:
黑白道
    
 
作者: 朱维坚 著
分册:  
出版信息: 北京   作家出版社  2001
页数: 488页
开本: 21cm
丛书名:
单 册:
中图分类: I247.56 , I247.5
科图分类:
主题词: 长篇小说--中国--现代 , 长篇小说
电子资源:
ISBN: 7-5063-2204-8
000 00913nam0 2200253 450
001 1561630889
005 20150119170732.71
010    @a7-5063-2204-8@dCNY22.00
100    @a20011119d2001 em y0chiy0110 ea
101 0  @achi
102    @aCN@b110000
105    @aa z 000ay
200 1  @a黑白道@9hei bai dao@f朱维坚著
210    @a北京@c作家出版社@d2001
215    @a488页@c彩照@d21cm
314    @a朱维坚(1953~),公安局党委委员、公安局办公室主任。著有《诡秘的镖车》等。
330    @a本书从一起杀人案开始,连刑警大队教导员也险遭不测。侦破工作屡屡受挫,每一次行动都预先被杀手所知,种种迹象表明,公安局内部隐藏着内奸,而隐藏在一系列杀人案后面的主使——政府中腐败分子的暴露,更是出人意料,使人震惊。
606 0  @a长篇小说@y中国@z现代
606 0  @a长篇小说
690    @aI247.56@v5
690    @aI247.5@v4
701  0 @a朱维坚@9zhu wei jian@4著
801  0 @aCN@bTSSF@c20150115
905    @aZUCC@dI247.5@eJY188
    
    黑白道/朱维坚著.-北京:作家出版社,2001
    488页:彩照;21cm
    
    
    ISBN 7-5063-2204-8:CNY22.00
    本书从一起杀人案开始,连刑警大队教导员也险遭不测。侦破工作屡屡受挫,每一次行动都预先被杀手所知,种种迹象表明,公安局内部隐藏着内奸,而隐藏在一系列杀人案后面的主使——政府中腐败分子的暴露,更是出人意料,使人震惊。
●
相关链接 在E读中查询图书 在五车中查询图书 在当当中查询图书 在豆瓣中查询图书


正题名:黑白道     索取号:I247.5/JY188         预约/预借

序号 登录号 条形码 馆藏地/架位号 状态 备注
1 7850748   278507484   学院路分馆/ [索取号:I247.5/JY188] 在馆    
唐山师范学院图书馆 欢迎您!
大连网信软件有限公司© 版权所有